Memoria leída en el solemne acto de la inaugración de la nueva casa de la Sociedad (Calle del Horno de la Mata, núm. 7) el día 18 de febrero de 1887 / (Record no. 161888)

MARC details
000 -LEADER
campo de control de longitud fija 00848nam a22001815i 4500
001 - NÚMERO DE CONTROL
campo de control 161888
003 - IDENTIFICADOR DE NÚMERO DE CONTROL
campo de control ES-MaACL
005 - FECHA Y HORA DE LA ÚLTIMA TRANSACCIÓN
campo de control 20230906212358.0
008 - DATOS DE LONGITUD FIJA--INFORMACIÓN GENERAL
campo de control de longitud fija 041027s1887 sp |||| | spa d
040 ## - FUENTE DE CATALOGACIÓN
Centro catalogador/agencia de origen CAM
Lengua de catalogación spa
Centro/agencia transcriptor CAM
100 1# - ENTRADA PRINCIPAL--NOMBRE DE PERSONA
Nombre de persona Pérez Liquiñano, Ramiro.
9 (RLIN) 131468
245 10 - MENCIÓN DEL TÍTULO
Título Memoria leída en el solemne acto de la inaugración de la nueva casa de la Sociedad (Calle del Horno de la Mata, núm. 7) el día 18 de febrero de 1887 /
Mención de responsabilidad, etc. por el secretario primero don Ramiro Pérez Liquiñano.
260 ## - PUBLICACIÓN, DISTRIBUCIÓN, ETC.
Lugar de publicación, distribución, etc. Madrid :
Nombre del editor, distribuidor, etc. [s.n.],
Fecha de publicación, distribución, etc. 1887 (
Fabricante Imprenta de los hijos de J. A. García)
300 ## - DESCRIPCIÓN FÍSICA
Extensión 36 p. ;
Dimensiones 23 cm.
594 ## - Nota al título y mención de responsabilidad
Nota al título y mención de responsabilidad Precede al tit.: El Fomento de las Artes.
610 2# - PUNTO DE ACCESO ADICIONAL DE MATERIA--NOMBRE DE ENTIDAD CORPORATIVA
Nombre de entidad corporativa o nombre de jurisdicción como elemento de entrada Sociedad Matritense El Fomento de las Artes.
9 (RLIN) 139234
852 ## - LOCALIZACIÓN
Ubicación ES-MaACL
Número de control de estantería T-454-F-23
Nota libre -- Enc. hol.
condición física -- Falto de la cub. original
Nota libre -- Enc. en un vol. facticio
Holdings
Estatus retirado Estado de pérdida Estado de daño No para préstamo Colección Biblioteca de origen Biblioteca actual Ubicación en estantería Fecha de adquisición Total de préstamos Signatura topográfica completa Código de barras Visto por última vez Precio de reemplazo Tipo de ítem Koha
        Colección de folletos Biblioteca del Ateneo de Madrid Biblioteca del Ateneo de Madrid Depósito folletos 17/01/2008   T-454-F-23 1169579 23/02/2023 23/02/2023 Folleto